Microsoft Office 97 в целом

Dades bibliogràfiques
Autor principal: Новиков Ф. А. Федор А.
Altres autors: Яценко А. Д. Андрей Д.
Sumari:Исключено из фонда НТБ ТПУ
Idioma:rus
Publicat: СПб., BHV-Санкт-Петербург, 1998
Col·lecció:"... вместе с BHV"
Format: Llibre
KOHA link:https://koha.lib.tpu.ru/cgi-bin/koha/opac-detail.pl?biblionumber=8076

MARC

LEADER 00000nam0a2200000 4500
001 8076
005 20231030181650.0
010 |a 5779100667 
035 |a (RuTPU)RU\TPU\book\8122 
035 |a BOOK00008181 
090 |a 8076 
100 |a 20011209d1998 m y0rusy50 ca 
101 0 |a rus 
102 |a RU 
105 |a a z 000zy 
200 1 |a Microsoft Office 97 в целом  |f Ф. А. Новиков, А. Д. Яценко 
210 |a СПб.  |c BHV-Санкт-Петербург  |d 1998 
215 |a 624 с.  |c ил. 
225 1 |a "... вместе с BHV" 
333 |a Исключено из фонда НТБ ТПУ 
700 1 |a Новиков  |b Ф. А.  |g Федор А. 
701 1 |a Яценко  |b А. Д.  |g Андрей Д. 
801 0 |a RU  |b 63413507  |c 20011209  |g PSBO 
801 2 |a RU  |b 63413507  |c 20170321  |g PSBO 
942 |c BK